00768nam a2200181 a 450000100100000000500170001000800410002704000260006808200140009410000520010824500830016026000480024330000200029104900090031195201210032095201280044199900170056900002897220200930055242.0110412s1969 dr 000 0 spa d aDO-SdBNPbspacBNPHHU axxxbI91m1 aIturbides Hidalgo de Gil, Gloria María95590510aMaría, la intercesora Inmaculada /cGloria María Iturbides Hidalgo de Gil. aSanto Domingo :bEditora del Caribe,c1969. a44 p. ;c23 cm. aBNPD 001054708PDaPDbPDcCTd2011-04-12iLF1l0oxxx I91mp28972-10r2020-06-25w2020-06-25yLFPDZPréstamo en sala 001054728PDaPDbPDcCTd2011-04-12iLF1l0oxxx I91mp28972-20r2020-06-25te . 2w2020-06-25yLFPDZPréstamo en sala c28464d28464